000 00366nam a2200133Ia 4500
005 20260328104320.0
008 260328s9999||||xx |||||||||||||| ||und||
100 _aJoedicke, Joachim Andreas
245 0 _aHelmut Janh :
_b DiseƱo de una Arquitectura /
_cJoachim Andreas Joedicke
260 _bGustavo Gili
300 _a122 p.
650 _aARQUITECTOS
942 _cBK
999 _c11310
_d11310